Historia de la tributación argentina (1810-2010) (Registro nro. 825)

Detalles MARC
000 -LEADER
fixed length control field 01341 a2200241 4500
001 - CONTROL NUMBER
control field 21581
005 - DATE AND TIME OF LATEST TRANSACTION
control field 20260407155506.0
008 - FIXED-LENGTH DATA ELEMENTS--GENERAL INFORMATION
fixed length control field 260407a2010 arg spa d
003 - CONTROL NUMBER IDENTIFIER
control field AR-UNSa-BCEJYS
040 ## - CATALOGING SOURCE
Original cataloging agency AR-UNSa-BCEJYS
Language of cataloging spa
Transcribing agency AR-UNSa-BCEJYS
080 ## - UNIVERSAL DECIMAL CLASSIFICATION NUMBER
Universal Decimal Classification number 336.221
Common auxiliary subdivision Tributación
020 ## - INTERNATIONAL STANDARD BOOK NUMBER
International Standard Book Number 978-950-9761-15-5
041 ## - LANGUAGE CODE
Language code of text/sound track or separate title spa
100 1# - MAIN ENTRY--PERSONAL NAME
Personal name García Belsunce, Horacio A.
245 10 - TITLE STATEMENT
Title Historia de la tributación argentina (1810-2010)
Name of part/section of a work homenaje de la Asociación Argentina de Estudios Fiscales a la Patria en su Bicentenario
264 #1 - PRODUCTION, PUBLICATION, DISTRIBUTION, MANUFACTURE, AND COPYRIGHT NOTICE
Place of production, publication, distribution, manufacture Buenos Aires :
Name of producer, publisher, distributor, manufacturer Errepar
Date of production, publication, distribution, manufacture, or copyright notice 2010
300 ## - PHYSICAL DESCRIPTION
Extent lv, 1038 p.
Dimensions 22 cm.
505 ## - FORMATTED CONTENTS NOTE
Formatted contents note 1. Período anterior a 1810 - 2. Período 1810-1827 - 3. Período 1827-1852 - 4. Período 1852-1866 - 5. Período 1866-1880 - 6. Período 1880-1916 - 7. Período 1916-1930 - 8. Período 1930-1943 - 9. Período 1943-1946 - 10. Período 1946-1955 - 11. Período 1955-1958 - 12. Período 1958-1962 - 13. Período 1962-1966 - 14. Período 1966-1973 - 15. Período 1973-1976 - 16. Período 1976-1983 - 17. Período 1983-1989 - 18. Período 1989-1999 - 18. Período 2000-2009.
590 ## - LOCAL NOTE (RLIN)
Local note niveau_biblio:m niveau_hierar:0
700 1# - ADDED ENTRY--PERSONAL NAME
Personal name Díaz, Vicente O.
856 41 - ELECTRONIC LOCATION AND ACCESS
Uniform Resource Identifier <a href="https://biblioeco.unsa.edu.ar/pmb/images/libros/Historio de la Tributacion Argentina(1810-2010)2.jpg">https://biblioeco.unsa.edu.ar/pmb/images/libros/Historio de la Tributacion Argentina(1810-2010)2.jpg</a>
Link text Imagen de portada
Electronic format type image/jpeg
942 ## - ADDED ENTRY ELEMENTS (KOHA)
Koha item type
Existencias
Withdrawn status Lost status Damaged status Not for loan Home library Current library Shelving location Date acquired Total checkouts Full call number Barcode Date last seen Price effective from Koha item type
        Biblioteca Prof. Eusebio Cleto del Rey Biblioteca Prof. Eusebio Cleto del Rey   07/04/2026   P336.2 D542 L119428 07/04/2026 07/04/2026 Libro
        Biblioteca Prof. Eusebio Cleto del Rey Biblioteca Prof. Eusebio Cleto del Rey   07/04/2026   P336.2 D542 L125188 07/04/2026 07/04/2026 Libro
        Biblioteca Prof. Eusebio Cleto del Rey Biblioteca Prof. Eusebio Cleto del Rey   07/04/2026   P336.2 D542 L125189 07/04/2026 07/04/2026 Libro
        Biblioteca Prof. Eusebio Cleto del Rey Biblioteca Prof. Eusebio Cleto del Rey   07/04/2026   P336.2 D542 L125190 07/04/2026 07/04/2026 Libro